[Event "GER HS-221 email"]
[Site "GER email"]
[Date "2017.03.13"]
[Round "?"]
[White "Windecker, Andreas"]
[Black "Schieferdecker, Martin"]
[Result "1/2-1/2"]
[WhiteElo "2107"]
[BlackElo "2019"]
[PlyCount "36"]
[EventDate "2017.03.17"]
[EventType "tourn (corr)"]
[EventRounds "6"]
[EventCountry "GER"]
[SourceTitle "Corr 2022"]
[Source "ChessBase"]
[SourceDate "2021.10.24"]
[SourceVersion "1"]
[SourceVersionDate "2021.10.24"]
[SourceQuality "1"]

1. c4 e5 2. Nc3 Nf6 3. g3 Bb4 4. Bg2 0-0 5. e4 a5 6. Nge2 d6 7. 0-0 Bg4 8. h3 Bxe2 9. Nxe2 Nc6 10. d3 Bc5 11. Kh2 a4 12. Bd2 Nd4 13. f4 Nxe2 14. Qxe2 Bd4 15. Bc3 c5 16. Qd2 h6 17. Bf3 Ra6 18. Kg2 Qc7 1/2-1/2